| 000 | 00386cam a2200157ua 4500 | ||
|---|---|---|---|
| 041 |
_aeng _h |
||
| 082 |
_a823.308 _bHOP/PR |
||
| 100 | _aHope, Anthony . | ||
| 245 |
_aPrisoner of Zenda / _cAnthony Hope. _hTextual Documents |
||
| 260 |
_aLondon : _bOxford University Press , _c1961. |
||
| 300 | _a155 ; . | ||
| 504 | _a | ||
| 942 | _cBK | ||
| 999 |
_c5153 _d5153 |
||